The hot topic for occupiers (Record no. 75674)
[ view plain ]
| 000 -LEADER | |
|---|---|
| fixed length control field | 01063cab a2200181 4500 |
| 001 - CONTROL NUMBER | |
| control field | L130522 |
| 008 - FIXED-LENGTH DATA ELEMENTS--GENERAL INFORMATION | |
| fixed length control field | 050808n2005 000 0 eng u |
| 035 ## - SYSTEM CONTROL NUMBER | |
| System control number | (Sirsi) u130522 |
| 041 ## - LANGUAGE CODE | |
| Language code of text/sound track or separate title | eng |
| 100 ## - MAIN ENTRY--PERSONAL NAME | |
| Personal name | Morley, Stuart |
| 245 #4 - TITLE STATEMENT | |
| Title | The hot topic for occupiers |
| 260 ## - PUBLICATION, DISTRIBUTION, ETC. | |
| Date of publication, distribution, etc. | 2005 |
| 490 ## - SERIES STATEMENT | |
| Series statement | Estates Gazette |
| Volume/sequential designation | (0530) 30 July 2005, 84-85(2) |
| 520 ## - SUMMARY, ETC. | |
| Summary, etc. | Looks at the results of two surveys on attitudes towards ecological issues. Both surveys were done in conjunction with Estates Gazette, the first with the CBI, the second with GVA Grimley/Liverpool John Moores University on behalf of Maple Grove Developments. Research shows that occupiers are becoming increasing aware of the importance of sustainability to their choice of occupation and their occupational policy. Occupiers see the key factors pushing changes to the property market as the cost of resources, potential UK legislation and the EU directive on the energy performance of buildings. |
| 590 ## - LOCAL NOTE (RLIN) | |
| Local note | IKA160805 |
| 690 ## - LOCAL SUBJECT ADDED ENTRY--TOPICAL TERM (OCLC, RLIN) | |
| Topical term or geographic name as entry element | ENVIRONMENTAL AND LAND CONSULTANCY-SUSTAINABILITY |
| 942 ## - ADDED ENTRY ELEMENTS (KOHA) | |
| Suppress in OPAC | 0 |
| Withdrawn status | Lost status | Source of classification or shelving scheme | Damaged status | Not for loan | Home library | Current library | Shelving location | Date acquired | Total Checkouts | Full call number | Barcode | Date last seen | Copy number | Price effective from | Koha item type |
|---|---|---|---|---|---|---|---|---|---|---|---|---|---|---|---|
| Dewey Decimal Classification | London | London | Journal article | 08/08/2005 | L130522 | 130522-1001 | 06/08/2019 | 1 | 06/08/2019 | Journal article |